000
00300 a2200121 4500
000
nam a22 7a 4500
005
20260220050053.0
020
_a
9788119989492
100
_a
Rahul Sankrityayan
_9
1116329
245
_a
Rajasthani Ranivas
260
_b
Radhakrishna Prakashan
_c
2025
942
_c
TEXL
999
_c
1679994
_d
1679994